| 000 | 00860nam a22002777a 4500 | ||
|---|---|---|---|
| 001 | BR9902224 | ||
| 003 | BR-BrBNA | ||
| 005 | 20230928100344.0 | ||
| 007 | ta | ||
| 008 | 230509b bl.||||| |||| 00| 0 por d | ||
| 040 |
_aBR-BrBNA _bpor _cBiblioteca Nacional de Agricultura |
||
| 041 | _a(Por) | ||
| 072 | _aE70; C10 | ||
| 090 | _ E70 BR9902224 | ||
| 110 | 1 |
_aConselho Federal de Medicina Veterinaria, Brasilia, DF (Brasil) _92635 |
|
| 111 | 1 |
_a6. Seminario Nacional do Ensino da Medicina Veterinaria _cRecife, PE (Brazil) _d6-9 May 1997 |
|
| 245 | 1 | _aAnais do 6. Seminario Nacional do Ensino da Medicina Veterinaria | |
| 260 | 3 |
_aBrasilia, DF (Brasil): _c1997. |
|
| 300 | _a121 p. | ||
| 650 | _aVeterinaria | ||
| 650 | _aEnsino Superior | ||
| 650 | _aCurso | ||
| 650 | _aMato Grosso do Sul | ||
| 909 |
_a202309 _bLucia _c55 _dLucia Elande |
||
| 942 | _cBK | ||
| 999 |
_c61035 _d61035 |
||